000 00742nam a2200205Ia 4500
001 1200
003 GE_BSU
008 181216s||||||||xx |||||||||||||| ||und||
020 _c4 ლ.
040 _cGE_BSU
080 _a632.934(075.8)
100 _aამანათაშვილი, მ.[ და სხვა]
245 _aმცენარეთა ქიმიური დაცვის ლაბორატორიული პრაქტიკუმი.
245 _bდამხმარე სახელმძღვანელო
260 _aთბილისი
260 _c1979
300 _a92 გვ. 20 სმ.
653 _aმცენარეთა ქიმიური დაცვა
942 _cBK
999 _c35347
_d35347